000 00843nam a2200277Ia 4500
001 Z_3951
003 CHAP
008 220113s1990 xx 000 0 und d
010 _a167012
040 _cCHAP
082 _a613.2 K7
100 _aKritchevsky, David
_9141181
245 _aDietary fiber : chemistry, physiology and health effects /
_cEd. by David Kritchevsky, Charles Bonfield and James W. Anderson
260 _aNew York :
_bPlenum,
_c1990
300 _a499 p.
440 _a
500 _aProceedings of the George Vahouny Fiber Conference, held april 19-21, 1988. In Washington, D.C.
503 _a180372
650 _aFibra en nutrición humana
_xCongresos I. Bonfield, Charles II. Anderson, James W
_9141182
901 _a613.2 K7
902 _aA
910 _a1990
942 _c1
942 _cc1
999 _c167012
_d167012